| 000 | 00505pab a2200169 454500 | ||
|---|---|---|---|
| 008 | 180718b2000 xxu||||| |||| 00| 0 eng d | ||
| 100 | _aAshworth, Rachel E. | ||
| 245 | _aParty manifestos and local accountability: a content analysis of local election pledges in Wales | ||
| 260 | _c2000 | ||
| 300 | _ap.11-30 | ||
| 362 | _aAutumn | ||
| 650 | _aPolitical parties - Great Britain | ||
| 650 | _aElections - Great Britain | ||
| 650 | _aElections | ||
| 773 | _aLocal Government Studies | ||
| 909 | _a46940 | ||
| 999 |
_c46940 _d46940 |
||